Statistics for 1990's and 2000's Musical Acts by Country

Click here to take the quiz!

General Stats

  • This quiz has been taken 115 times
  • The average score is 8 of 27

Answer Stats

CountryAnswer% Correct
United StatesI Want It That WayBackstreet Boys
72%
Hit Me Baby One More TimeBritney Spears
70%
DenmarkBarbie GirlAqua
68%
Bye Bye ByeNSYNC
64%
The SignAce of Base
56%
Genie In A BottleChristina Aguilera
54%
LovefoolCardigans
40%
Du HastRammstein
40%
Cotton Eye JoeRednex
40%
IronicAlanis Morisette
37%
United KingdomWhole AgainAtomic Kitten
36%
The LookRoxette
31%
CanadaBeauty and the BeastCeline Dion
29%
Bring It All BackS Club 7
28%
RussiaNot Gonna Get Ustatu
27%
New ZealandHow BizarreOMC
23%
IrelandRollercoasterBwitched
15%
My LoveWestlife
15%
I WIll Remember YouSarah McLachlan
10%
From Sarah With LoveSarah Connor
6%
NorwayDon't say you love meM2M
5%
After The Love Has GoneSteps
4%
SwedenSuper TrooperABBA Teens
3%
GermanyBaby I BelieveBroSis
3%
Beautiful DayKurt Nilsen
3%
When the Angels SingNo Angel
3%
UkraineThe Gentleman Who FellMilla
1%

Score Distribution

Percentile by Number Answered

Percent of People with Each Score

Your Score History

You have not taken this quiz